| 000 | nam a22 7a 4500 | ||
|---|---|---|---|
| 999 |
_c30394 _d30394 |
||
| 008 | 190520b xxu||||| |||| 00| 0 eng d | ||
| 020 | _a996696066X | ||
| 040 | _aMKSU | ||
| 050 |
_aTP 359 _b.B48 1997 |
||
| 100 | _a Gitonga, Stephen. | ||
| 245 |
_aBiogas promotion in Kenya : _b a review of experiences / _cStephen Gitonga. |
||
| 260 |
_aNairobi,Kenya : _bIntermediate Technology Kenya, _c1997. |
||
| 300 |
_avii,40p. : _bill. _c21cm. |
||
| 504 | _ainclude bibliographic references. | ||
| 650 | _aBiogas. | ||
| 650 | _aKenya. | ||
| 942 |
_2lcc _cAFRICANA _hTP 359 .B48 1997 |
||